000 00587nam a2200205Ii 4500
001 8227
003 CO-ViMGA
008 241108s9999||||xx |||||||||||||| ||und||
040 _aCO-ViMGA
_bspa
_erda
_cCO-ViMGA
041 0 _aunk
082 0 4 _a843-D886
100 1 _aAlejandro Dumas
_944405
245 1 0 _aLos tres mosqueteros
264 1 _a[Lugar de publicación no identificado] : Geminis, 1993
300 _avolumen
336 _atext
_btxt
_2rdacontent
337 _aunmediated
_bn
_2rdamedia
338 _avolume
_bnc
_2rdacarrier
940 _aidficha_siabuc: 8042. -- ficha_no_siabuc:8227
999 _c49927
_d49927